| 000 | 00798cam a2200265 4500 | ||
|---|---|---|---|
| 001 | 3609192 | ||
| 003 | ARRUPE | ||
| 005 | 20220201135500.0 | ||
| 008 | 720818s1970 ug b 000 0 eng | ||
| 010 | _a 72182410 | ||
| 040 |
_aDLC _cDLC _dDLC |
||
| 043 |
_ae------ _af------ |
||
| 050 | 0 | 0 | _aBL-2400-1 |
| 082 | 0 | 0 | _a299/.6 |
| 100 | 1 |
_ap'Bitek, Okot, _d1931- _93497 |
|
| 245 | 1 | 0 | _aAfrican religions in Western scholarship. |
| 260 |
_aKampala, _bEast African Literature Bureau _c[1970?] |
||
| 300 |
_aix, 139, [1] p. _c20 cm. |
||
| 350 | _a16/50 | ||
| 504 | _aBibliography: p. 135-[140] | ||
| 650 | 0 |
_aLearning and scholarship _zEurope. _951047 |
|
| 651 | 0 |
_aAfrica _xReligion _xStudy and teaching. _951044 |
|
| 906 |
_a7 _bcbc _corignew _d4 _encip _f19 _gy-gencatlg |
||
| 942 |
_2lcc _cMONOGRAPH |
||
| 999 |
_c131143 _d131143 |
||